| 000 | 00530nam a2200181 i 4500 | ||
|---|---|---|---|
| 001 | 40385 | ||
| 003 | ES-MaACL | ||
| 005 | 20250522063043.0 | ||
| 007 | t| | ||
| 008 | 030306s1969 sp ||||1| spa d | ||
| 100 | 1 |
_aCarnicer, Ramón, _d1912-2007 _935377 |
|
| 245 | 1 | 0 |
_aEntre la ciencia y la magia _b: Mariano Cubi / _cRamón Carnicer. |
| 250 | _a[1ª ed.]. | ||
| 260 |
_aBarcelona : _bSeix Barral, _c1969. |
||
| 300 |
_a467 p., 8 lám. ; _c20 cm. |
||
| 852 |
_aES-MaACL _jC-39495 _bR.71283 |
||
| 999 |
_c40385 _d40385 |
||